LEADER 01006nam--2200373---450- 001 990006090200203316 005 20151022103555.0 010 $a978-5-9533-4386-2 035 $a000609020 035 $aUSA01000609020 035 $a(ALEPH)000609020USA01 035 $a000609020 100 $a20151022d2010----km-y0itay50------ba 101 $arus 102 $aRU 105 $a||||||||001yy 200 1 $aRusskaja Indija$favtor-sost. N.N. Nepomnja??ij 210 $aMoskva$cVe?e$d2010 215 $a348 p.$cill.$d21 cm 225 2 $aRusskie za granicej 410 0$12001$aRusskie za granicej 454 1$12001 461 1$1001-------$12001 606 0 $aEmigranti russi 676 $a325.247 700 1$aNEPOMNJASCIJ,$bNikolaj Nikolaevic$0714942 801 0$aIT$bsalbc$gISBD 912 $a990006090200203316 951 $aVIII.1.E. 125$b11322 LIN 959 $aBK 969 $aUMA 979 $aMARANO$b90$c20151022$lUSA01$h1035 996 $aRusskaja Indija$91382802 997 $aUNISA